| 000 | 01128nmc a2200301 a 4500 | ||
|---|---|---|---|
| 003 | AR-BaBNM | ||
| 005 | 20251128204011.0 | ||
| 008 | 087019s1988 ||||||||||||||000 | spa|| | ||
| 020 | _a950-23-0422-5 | ||
| 040 | _cAR-BaBNM | ||
| 110 | 1 |
_aArgentina _bMinisterio de Educación y Justicia _bCongreso Pedagógico |
|
| 245 | 1 | 0 |
_aCongreso pedagógico _binforme final de la asamblea nacional |
| 260 |
_aEmbalse _bMinisterio de Educación y Justicia _bEudeba _c1988 |
||
| 300 | 0 | _a243 p. | |
| 490 | 0 | _aCongreso Pedagógico | |
| 500 | 0 | _aContiene el texto completo de la Ley 23.114: Congreso Pedagógico Nacional | |
| 500 | 0 | _aContiene la nómina de autoridades e integrantes de la Comisión Organizadora Nacional | |
| 500 | 0 | _aContiene el texto completo de la Convocatoria a la Asamblea Pedagógica Nacional y pautas para la realización de la misma | |
| 650 | 4 | _aHISTORIA DE LA EDUCACION | |
| 650 | 4 | _aREFORMA DE LA EDUCACION | |
| 650 | 4 | _aESTADO Y EDUCACION | |
| 650 | 4 | _aIGLESIA Y EDUCACION | |
| 650 | 4 | _aIGLESIA Y ESTADO | |
| 651 | 4 | _aArgentina | |
| 653 | 0 | _aCONGRESO PEDAGOGICO | |
| 942 | _cBK | ||
| 998 | _cSILVI | ||
| 999 |
_c5777 _d5777 |
||